00660nam a2200253Ia 4500008004100000020001800041050001100059050001400070245002600084245006400110245003200174260001500206260001700221260000900238300001900247300002000266300001000286500002300296650001300319650001100332650002500343650001500368700002300383170711s9999 xx 000 0 und d a9780818407079 a795.41 bM875 2007 aWomen's poker night : bstories and strategies from the feminine side og the felt / cedited by Maryann Morrison. aNew York : bLyle Stuart, c2007 ax, 223 pages : billustrations ; c21cm. aIncludes glossary. aPoker -- aPoker. aWomen poker players. xAnecdotes. aMorrison, Maryann.